| 000 | 00695nam a2200181Ia 4500 | ||
|---|---|---|---|
| 008 | 090124s9999 xx 000 0 und d | ||
| 082 |
_b30883 _a4204 |
||
| 100 | _aभोपटकर अलका | ||
| 245 | _a विजया राजाध्यक्ष यांचे कथाविश्र्व | ||
| 250 | _a1 | ||
| 260 | _c2001 | ||
| 300 | _a183 | ||
| 600 | _aभोपटकर अलका | ||
| 630 | _a विजया राजाध्यक्ष यांचे कथाविश्र्व | ||
| 700 | _aभोपटकर अलका | ||
| 730 | _a विजया राजाध्यक्ष यांचे कथाविश्र्व | ||
| 942 | _cBOOK | ||
| 999 |
_c144363 _d144363 |
||